Statystyki dla Tytuły pierwszych filmów polskich youtuberów

Kliknij tutaj aby rozwiązać quiz!

Ogólne statystyki

  • Ten quiz został rozwiązany 120 razy
  • Średni wynik to 9 z 14

Statystyki odpowiedzi

ZagadnienieOdpowiedź% Poprawnych
Mój body carvingisAmU
81%
VLOG#1 | dziaranko, piękna wieś, Lewandowski z giletteTromba
78%
Wyciskanie leżąc - 125kgWarszawski Koks
77%
Wolfenstein 3D #01 - I am death incarnate!Tomasz 'Gimper' Działowy
74%
Zamki i Bohaterowie | Heroes od A do Z #01Kolega Ignacy
66%
Path of Exile - mini recenzja [PL][HD]Fangotten
63%
Funny Moments - TheNitroZyniakNaruciak
60%
4 LIFE HACKI które UMILĄ CI ŻYCIE!Dominik Łupicki
58%
Fifa 12 - Real Madryt (Mandela) vs Valencia - fifka na luzie 1#Lachu
58%
Battlefield: Bad Company 2 - Video RecenzjaRemigiusz Maciaszek
55%
Nastoletni związek w pigułce...Ajgor Ignacy
51%
Kwadratowa Masakra S1E01 - Magisterskie TabliczkiMandzio
44%
Fabuła - Wódka Tank Klan (Remix)Step Records
44%
Sherwood Dungeon Gameplay - KomentarzMULTI
43%

Rozkład punktacji

Percentyl według liczby udzielonych odpowiedzi

Procent ludzi z każdym wynikiem

Twoja historia wyników

Nie rozwiązałeś tego quizu